000 00315cam a22001217a 4500
008 180718b xxu||||| |||| 00| 0 eng d
082 _aB1 G446/73
100 _aGisbert, Pascual
245 _aFundamentals of sociology
_cby Pascual Gisbert
260 _aDelhi
_bOrient Longman
_c
300 _a514p.
650 _aSociology
999 _c345483
_d345483